书目信息 |
| 题名: |
中国共产党党员权利保障条例及相关党内法规
|
|
| 作者: | ;本书编写组 编 | |
| 分册: | ||
| 出版信息: | 北京 人民出版社 2004.10 |
|
| 页数: | 209页 | |
| 开本: | 21cm | |
| 丛书名: | ||
| 单 册: | ||
| 中图分类: | D263.2 | |
| 科图分类: | ||
| 主题词: | ||
| 电子资源: | ||
| ISBN: | 7-01-004618-2 | |
| 000 | 00881nam0 2200241 4500 | |
| 001 | 192004004399 | |
| 005 | 20070905131347.29 | |
| 010 | @a7-01-004618-2@dCNY14.00 | |
| 100 | @a20070604d2004 ekmy0chiy0121 ea | |
| 101 | 0 | @achi |
| 102 | @aCN@b110000 | |
| 105 | @ay n 000yy | |
| 200 | 1 | @a中国共产党党员权利保障条例及相关党内法规@Azhong guo gong chan dang dang yuan quan li bao zhang tiao li ji xiang guan dang nei fa gui@f本书编写组编@Fben shu bian xie zu bian |
| 210 | @a北京@c人民出版社@d2004.10 | |
| 215 | @a209页@d21cm | |
| 314 | @a版权页题:本书编写组 | |
| 330 | @a本书的主要内容包括中国共产党党员权利保障条例,中共中央关于加强党的执政能力建设的决定等内容。 | |
| 601 | 0 | @a中国共产党@x党员@x权利@x条例 |
| 601 | 0 | @a中国共产党@x党员@x权利@x法规 |
| 690 | @aD263.2@v4 | |
| 711 | 02 | @a本书编写组@Aben shu bian xie zu@4编 |
| 801 | 0 | @aCN@c20070905 |
| 905 | @dD263.2@eZ558 | |
| 中国共产党党员权利保障条例及相关党内法规/本书编写组编.-北京:人民出版社,2004.10 |
| 209页;21cm |
| ISBN 7-01-004618-2:CNY14.00 |
| 本书的主要内容包括中国共产党党员权利保障条例,中共中央关于加强党的执政能力建设的决定等内容。 |
| ● |
| 相关链接 |
|
|
|
正题名:中国共产党党员权利保障条例及相关党内法规
索取号:D263.2/Z558
 
预约/预借
| 序号 | 登录号 | 条形码 | 馆藏地/架位号 | 状态 | 备注 |
| 1 | 617205 | 206172050 | 社科库509/509社科库 70排1列1层/ [索取号:D263.2/Z558] | 在馆 | |
| 2 | 617206 | 206172069 | 社科库509/509社科库 70排1列1层/ [索取号:D263.2/Z558] | 在馆 | |
| 3 | 617207 | 206172078 | 社科库509/509社科库 70排1列1层/ [索取号:D263.2/Z558] | 在馆 |